Statistics for 2019 World Series Starters

Click here to take the quiz!

General Stats

  • This quiz has been taken 32 times
  • The average score is 14 of 20

Answer Stats

Group Position Answer % Correct
Astros2BJosé Altuve
96%
NationalsPMax Scherzer
93%
AstrosPGarrit Cole
89%
Nationals3BAnthony Rendon
86%
Astros3BAlex Bregman
86%
AstrosSSCarlos Correa
82%
NationalsSSTrea Turner
75%
NationalsLFJuan Soto
75%
Nationals1BRyan Zimmerman
75%
AstrosCFGeorge Springer
75%
AstrosRFJosh Reddick
68%
NationalsDHHowie Kendrick
64%
AstrosDHYordan Álvarez
61%
Astros1BYuri Gurriel
61%
NationalsCFVictor Robles
57%
NationalsCKurt Suzuki
57%
AstrosLFMichael Brantley
57%
NationalsRFAdam Eaton
50%
Nationals2BAsdrúbal Cabrera
46%
AstrosCMartín Maldonado
29%

Score Distribution

Percentile by Number Answered

Percent of People with Each Score

Your Score History

You have not taken this quiz